<?xml version="1.0" encoding="UTF-8"?><?xml-stylesheet type="text/xsl" href="static/style.xsl"?><OAI-PMH xmlns="http://www.openarchives.org/OAI/2.0/" xmlns:xsi="http://www.w3.org/2001/XMLSchema-instance" xsi:schemaLocation="http://www.openarchives.org/OAI/2.0/ http://www.openarchives.org/OAI/2.0/OAI-PMH.xsd"><responseDate>2026-04-13T04:12:34Z</responseDate><request verb="GetRecord" identifier="oai:www.recercat.cat:10459.1/63755" metadataPrefix="marc">https://recercat.cat/oai/request</request><GetRecord><record><header><identifier>oai:recercat.cat:10459.1/63755</identifier><datestamp>2024-12-05T22:11:18Z</datestamp><setSpec>com_2072_3622</setSpec><setSpec>col_2072_479130</setSpec></header><metadata><record xmlns="http://www.loc.gov/MARC21/slim" xmlns:dcterms="http://purl.org/dc/terms/" xmlns:xsi="http://www.w3.org/2001/XMLSchema-instance" xmlns:doc="http://www.lyncode.com/xoai" xsi:schemaLocation="http://www.loc.gov/MARC21/slim http://www.loc.gov/standards/marcxml/schema/MARC21slim.xsd">
   <leader>00925njm 22002777a 4500</leader>
   <datafield ind2=" " ind1=" " tag="042">
      <subfield code="a">dc</subfield>
   </datafield>
   <datafield ind2=" " ind1=" " tag="720">
      <subfield code="a">Zaragoza Ramírez, Alba</subfield>
      <subfield code="e">author</subfield>
   </datafield>
   <datafield ind2=" " ind1=" " tag="260">
      <subfield code="c">2011-04-12T17:51:21Z</subfield>
   </datafield>
   <datafield ind2=" " ind1=" " tag="260">
      <subfield code="c">2007-04-06</subfield>
   </datafield>
   <datafield ind2=" " ind1=" " tag="260">
      <subfield code="c">2006-02-22</subfield>
   </datafield>
   <datafield ind2=" " ind1=" " tag="260">
      <subfield code="c">2007-04-06</subfield>
   </datafield>
   <datafield ind2=" " ind1=" " tag="520">
      <subfield code="a">En el estudio de las cadenas de Markov la clasificación de los estados es una de lascaracterísticas más importantes ya que de ella van a depender otras propiedades comoson por ejemplo la convergencia de la sucesión formada por las potencias n-ésimas dela matriz de transición asociada y por lo tanto su comportamiento asintótico. Este problema se ha abordado desde el campo de la computación natural mediante dosalgoritmos biológicos basados en ADN y mediante el diseño de dos P sistemas. Ambasmetodologías de computación natural son aleatorias si bien mientras que con ADN seobtienen resultados aleatorios, estimaciones, con los P sistemas se obtienencálculos exactos. Por el contrario, la ventaja que presentan los algoritmos basadosen ADN es que hoy en día ya pueden llevarse a la práctica si bien cabe perfeccionarde manera substancial las técnicas de laboratorio. Finalmente remarcar que lacomputación natural abre la puerta a un nuevo e interesante modelo de computación que exige un cambio en la forma de pensar.</subfield>
   </datafield>
   <datafield ind1="8" ind2=" " tag="024">
      <subfield code="a">http://hdl.handle.net/10459.1/63755</subfield>
   </datafield>
   <datafield tag="653" ind2=" " ind1=" ">
      <subfield code="a">cadenes de markov</subfield>
   </datafield>
   <datafield tag="653" ind2=" " ind1=" ">
      <subfield code="a">operacions algebraiques</subfield>
   </datafield>
   <datafield tag="653" ind2=" " ind1=" ">
      <subfield code="a">operacions biologiques</subfield>
   </datafield>
   <datafield tag="653" ind2=" " ind1=" ">
      <subfield code="a">computació natural</subfield>
   </datafield>
   <datafield tag="653" ind2=" " ind1=" ">
      <subfield code="a">Estadística i investigació operativa</subfield>
   </datafield>
   <datafield tag="653" ind2=" " ind1=" ">
      <subfield code="a">311</subfield>
   </datafield>
   <datafield tag="653" ind2=" " ind1=" ">
      <subfield code="a">51</subfield>
   </datafield>
   <datafield ind2="0" ind1="0" tag="245">
      <subfield code="a">Contribuciones al estudio de cadenas de Markov finitas mediante computación natural</subfield>
   </datafield>
</record></metadata></record></GetRecord></OAI-PMH>